=LDR 00000nam 2200000 4500 =001 INLIS000000000031123 =005 20130612133220 =008 ***********************************ind** =035 ##$$0010-061300000031123 =041 ##$$a ind =082 ##$$a 612 =090 ##$$a 612, Set a =100 ##$$a Setiadi =245 ##$$a Anatomi dan fisiologi manusia, Setiadi =260 ##$$a 2007 $b Jakarta =300 ##$$a xvii,308 hlm, ilus, 23 cm =650 ##$$a Manusia Pisiologi =850 ##$$a NBPNMAT =990 ##$$a 0001/BPAP-NTB/20142014 =990 ##$$a 0001/BPAP-NTB/2015